000 00494nam a22001697a 4500
003 OSt
005 20250220163332.0
008 250220b |||||||| |||| 00| 0 eng d
020 _a9783110768350
082 _a515.24
_bF32S
100 _aFehribach, Joseph D.
_eAuthor
245 _aSequences and series in calculus
_cby Joseph D. Fehribach
260 _aBerlin
_bWalter de Gruyter
_c2023
300 _axii,121p.
_bPB
653 _asequences; series; calculus; Mathematics
942 _2ddc
_cBK
999 _c28343
_d28343